Statistics for Game Of Thrones Quiz

Click here to take the quiz!

General Stats

  • This quiz has been taken 180 times
  • The average score is 10 of 15

Answer Stats

QuestionAnswer% Correct
Who sits on the Iron Throne at the start of Season 1?Robert Baratheon
99%
What is the Stark Sigil?Dire Wolf
95%
Who removes Theon Greyjoy's most prized possesion?Ramsay Snow
87%
What was the Stark Mother's name?Catelyn Stark
82%
Which character manages to kill a white walker in Season 3?Samwell Tarly
80%
Who orchestrated the killings?Walder Frey
80%
^What was used to kill it?Obsidian Blades
77%
Shireen Baratheon has this disease...Greyscale
72%
Robb Stark and his mother were killed at what?The Red Wedding
69%
Who requests 1,000 ships be built after becoming Lord of the Iron Isles?Euron Greyjoy
68%
Who rules over Mereen?Daenerys Targaryen
62%
According to Jon Snow and Arya Stark, what is the first lesson in sword fighting?Stick 'em with the pointy end
57%
What rebel group attempts to overthrow the above?Sons of The Harpy
56%
"Arty Mcfly" is to Bran Stark as Doc is to _______The Three Eyed Raven
36%
Who has had three stillborn sons?Stannis Baratheon
22%

Score Distribution

Percentile by Number Answered

Percent of People with Each Score

Your Score History

You have not taken this quiz